Statistics for Impossible Harry Potter Quiz

Click here to take the quiz!

General Stats

  • This quiz has been taken 28 times
  • The average score is 5 of 13

Answer Stats

HintAnswer% Correct
How old was James Potter when he died?21 years old
83%
What is the mascot for Ravenclaw?Eagle
79%
What is the colours of Ravenclaw?Blue and bronze
67%
Who killed Hebsibah SmithTom Riddle
58%
How old is Albus Dumbledore in the first book?110 years old
38%
Which colour was Dumbledores hair before it turned silver?Auburn
33%
Which year was Minerva McGonnagall born?1935
25%
What type of wood is the Elder Wand?Elder wood
25%
Who beat England in the quidditch world cup?Transylvania
21%
Who wrote Quidditch Through the Ages?Kennilworthy Whisp
17%
And what was the final score?390 to 10
8%
And who was the Irish keeper?Barry Ryan
8%
Who was the Bulgarian keeper in the world cup final?Lev Zograf
8%

Score Distribution

Percentile by Number Answered

Percent of People with Each Score

Your Score History

You have not taken this quiz